MARC

LEADER 00000nim0a2200000 4500
001 134863
005 20231031135853.0
010 |a 9781844661824 
035 |a (RuTPU)RU\TPU\book\146174 
035 |a RU\TPU\book\146166 
090 |a 134863 
100 |a 20080404d2007 m y0engy50 ba 
101 0 |a eng 
102 |a GB 
105 |a y j 000zy 
126 |a agbuhxx||||||сd 
127 |a hhmmss 
128 |a zz  |b uu  |c uu 
200 1 |a Upstream. Advanced C1  |b Electronic resource  |e Class CD 5  |f V. Evans, L. Edwards 
203 |a Text  |c electronic 
210 |a Newbury  |c Express Publishing  |d 2007 
215 |a 1 Audio CD-ROM 
610 1 |a английский язык 
610 1 |a лексика 
610 1 |a грамматика 
610 1 |a разговорная речь 
610 1 |a упражнения 
610 1 |a учебные пособия 
610 1 |a CD-ROM 
686 |a Ш143.21-923  |v LBC/SL-A  |2 rubbk 
700 1 |a Evans  |b V.  |g Virginia 
701 1 |a Edwards  |b L.  |g Lynda 
801 1 |a RU  |b 63413507  |c 20080404  |g PSBO 
801 2 |a RU  |b 63413507  |c 20221207  |g PSBO 
942 |c BK